00218nam a2200097Ia 4500008004100000100002200041245002400063260000900087942000700096999001700103190216s9999||||xx |||||||||||||| ||und|| aT G Madavan Kutty 0aMahacharithamala 80 bNull cBK c25593d25593